Nottingham Forest Squad 1978-1979 - Statistics

General Stats
  • This quiz has been taken 10 times
  • The average score is 13 of 21
Answer Stats
Position Nation Player % Correct
FW Scotland John Robertson
100%
GK England Peter Shilton
100%
Coach England Brian Clough
90%
DF England Larry Lloyd
90%
MF Northern Ireland Martin O'Neill
90%
FW England Trevor Francis
90%
MF Scotland Archie Gemmill
80%
FW England Garry Birtles
70%
MF Scotland John McGovern
70%
DF Scotland Kenny Burns
70%
FW England Tony Woodcock
70%
DF England Viv Anderson
70%
GK England Chris Woods
60%
MF England Ian Bowyer
50%
DF England Colin Barrett
40%
DF England David Needham
30%
MF England Gary Mills
30%
MF Scotland Asa Hartford
20%
FW Scotland John O'Hare
20%
DF England Bryn Gunn
10%
FW England Steve Elliott
0%
No matching quizzes found
Score Distribution
Percent of People with Each Score
Percentile by Number Answered
Your Score History
You have not taken this quiz